000
00212nam a22000857a 4500
008
161104b xxu||||| |||| 00| 0 eng d
100
_9
1041
_a
Misra m
245
_a
CCE Social Science VII
260
_a
New Delhi
_b
APC
_c
2012
999
_c
3696
_d
3696